|
|
|
|
| LEADER |
00000nab#a22000007a#4500 |
| 001 |
arbauad002333 |
| 003 |
AR-BaUAD |
| 005 |
20250711110512.0 |
| 008 |
930817|||||||||###||||||b###|0###a|spa|| |
| 040 |
|
|
|a AR-BaUAD
|c AR-BaUAD
|b spa
|
| 100 |
|
|
|a Borghi, Ruggero
|
| 245 |
|
|
|a Esercizio di stile /
|c Ruggero Borghi;
|
| 300 |
0 |
|
|b fot., plantas
|
| 500 |
|
|
|a Descripción de una vivienda de la década del 60 remodelada.
|
| 653 |
|
|
|a VIVIENDAS UNIFAMILIARES
|
| 653 |
|
|
|a REMODELACION
|
| 653 |
|
|
|a DISEÑO DE INTERIORES
|
| 653 |
|
|
|a FLORENCIA
|
| 653 |
|
|
|a ITALIA
|
| 653 |
|
|
|a DI FRANCO, ELIO
|
| 773 |
0 |
|
|t VILLE GIARDINI
|g no. 280 [abr. 1993], p. 2-11
|
| 942 |
|
|
|c ARTI
|
| 952 |
|
|
|0 0
|1 0
|4 0
|7 0
|9 47253
|a AR-BAuAD
|b AR-BAuAD
|d 2025-07-11
|l 0
|p AAQA002333
|r 2025-07-11 11:05:12
|w 2025-07-11
|y ARTI
|
| 990 |
|
|
|a AQ199
|b TD
|
| 998 |
|
|
|a AAQ
|b BIBUN76
|
| 999 |
|
|
|c 26926
|d 26926
|